Mahatma Gandhi: the man who become one with the universal being (Record no. 396948)

000 -LEADER
fixed length control field 00421cam a22001337a 4500
008 - FIXED-LENGTH DATA ELEMENTS--GENERAL INFORMATION
fixed length control field 180718b2000 xxu||||| |||| 00| 0 eng d
020 ## - INTERNATIONAL STANDARD BOOK NUMBER
International Standard Book Number 8187075538
082 ## - DEWEY DECIMAL CLASSIFICATION NUMBER
Classification number A99 G151/R646
100 ## - MAIN ENTRY--PERSONAL NAME
Personal name Rolland, Romain
245 ## - TITLE STATEMENT
Title Mahatma Gandhi: the man who become one with the universal being
Statement of responsibility, etc. by Romain Rolland
260 ## - PUBLICATION, DISTRIBUTION, ETC.
Place of publication, distribution, etc. New Delhi
Name of publisher, distributor, etc. Sristhi
Date of publication, distribution, etc. 2000
300 ## - PHYSICAL DESCRIPTION
Extent 141p.
650 ## - SUBJECT ADDED ENTRY--TOPICAL TERM
Topical term or geographic name entry element Gandhi, M. K. - Criticism and interpretation
Holdings
Withdrawn status Lost status Damaged status Not for loan Permanent Location Current Location Date acquired Full call number Barcode Date last seen Price effective from Koha item type
        Indian Institute of Public Administration Indian Institute of Public Administration 2001-06-04 A99 G151/R646 76660 2018-07-21 2018-07-21 Book
        Indian Institute of Public Administration Indian Institute of Public Administration 2011-02-24 A99 G151/R646 5322 2018-07-21 2018-07-21 Book

Powered by Koha